000 00447nam a22001817a 4500
003 CEME
005 20210628202907.0
008 210119b xxu||||| |||| 00| 0 eng d
020 _a81-7245-254-3
040 _c.
082 _a510 PHI
100 _aPhilips, Sam
_962196
245 _a1000 math problems
260 _aNEW DELHI
_bGOODWILL'S
_c2005
300 _aVII,240 P
650 _aMATHEMATICS.1000 MATH PROBLEMS
_962197
942 _cBK
_2ddc
999 _c571382
_d571382